Improving education in Mexico <a> state-level perspective from Puebla

Salvato in:
Dettagli Bibliografici
Natura: Libro
Lingua:inglese
Pubblicazione: Paris OECD 2013
Soggetti:
Tags: Aggiungi Tag
Nessun Tag, puoi essere il primo ad aggiungerne!!

MARC

LEADER 00000nam a2200000 4500
001 0181630
005 20240315120745.0
020 |a 978-92-64-19775-6 
041 0 |a eng 
044 |a FR 
245 1 0 |a Improving education in Mexico  |b <a> state-level perspective from Puebla 
264 1 |a Paris  |b OECD  |c 2013 
300 |a 226 s. 
610 2 0 |a vzdelávanie 
610 2 0 |a školstvo 
610 2 0 |a politika vzdelávania 
610 2 0 |a plánovanie 
610 2 0 |a inovácia 
610 2 0 |a pomoc zahraničná 
610 2 0 |a Mexiko